OOp & Lila Lost in the Scarbean Sea: (Record no. 183090)

MARC details
000 -LEADER
fixed length control field 00587 a2200193 4500
005 - DATE AND TIME OF LATEST TRANSACTION
control field 20211216113125.0
010 ## - LCCN (DPL NO)
LC control number ENG-130360
020 ## - INTERNATIONAL STANDARD BOOK NUMBER
Terms of availability 350.00
International Standard Book Number 978-93-89253-40-5
035 ## - SYSTEM CONTROL NUMBER
System control number EN-113892
037 ## - SOURCE OF ACQUISITION
Source of stock number/acquisition DBAD / PUB
082 ## - DEWEY DECIMAL CLASSIFICATION NUMBER
Classification number S
100 ## - MAIN ENTRY--PERSONAL NAME
Personal name Lafont, Olivier
245 ## - TITLE STATEMENT
Title OOp & Lila Lost in the Scarbean Sea:
Statement of responsibility, etc Olivier Lafont
250 ## - EDITION STATEMENT
Edition statement 2014
260 ## - PUBLICATION, DISTRIBUTION, ETC. (IMPRINT)
Name of publisher, distributor, etc Hachette Book Publishing India Pvt Ltd.
Date of publication, distribution, etc 2014
Place of publication, distribution, etc Haryana
270 ## - ADDRESS
City Gurugram
Address 4th & 5th Floors, Corporate Centre, Plot No. 94, Sector 44
Postal code 122003
300 ## - PHYSICAL DESCRIPTION
Extent 240p.
Dimensions 19cm (pbk)
942 ## - ADDED ENTRY ELEMENTS (KOHA)
Institution code [OBSOLETE] dpl
Item type English Books
Source of classification or shelving scheme Dewey Decimal Classification
Classification part S
Call number suffix LAF
Holdings
Withdrawn status Lost status Not for loan Collection code Home library Current library Date acquired Source of acquisition Cost, normal purchase price Full call number Barcode Copy number Cost, replacement price Koha item type
      Fiction Shahdara Branch Shahdara Branch 16/12/2021 DBAD/PUB 350.00 S LAF EN-113892 1 350.00 English Books

© Delhi Public Library
Hit Counter
free hit counter